000 01248nam a2200241Ia 4500
999 _c40363
_d40363
001 6971
003 GE_BSU
005 20190528145340.0
008 181216s1984||||ge |||||||||||||| ||geo||
040 _cGE_BSU
041 _ageo
080 _a512.64(075.8)+514.12(075.8) წ-81
245 _aწრფივი ალგებრისა და ანალიზური გეომეტრიის ელემენტები : დამხმ. სახელმძღვ. /
_cს. თოფურია ; დ. გიორგაძე ; ა. კვალიაშვილი ; ნ. მაჭარაშვილი ; რედ : ე.გიორგაძე.
264 _aთბილისი :
_bსპი,
_c1984.
300 _a14 7გ .:
_c20 სმ.
653 _aწრფივი ალგებრისა და ანალიზური გეომეტრიის ელემენტები
700 _aთოფურია,ს
_91414
700 _aგიორგაძე, დ
_91715
700 _aკვალიაშვილი, ა
_91716
700 _aმაჭარაშვილი, ნ
_91495
700 _aგიორგაძე, ე
_eრედაქტორი
_9398
942 _cBK
_2udc